000 00684cam a2200181 4500
001 WS108083
008 000000n 000 0 eng u
035 _a(Sirsi) u108083
110 _aSociety of Property Researchers
_923
245 _aSociety of Property Researchers
520 _aSite for this professional grouping of property researchers. Includes details of events, special interest groups and members.
650 _aRESEARCH
650 _aORGANISATION
650 _aPROPERTY-COMMERCIAL PROPERTY
690 _aMANAGEMENT-BUSINESS MANAGEMENT-PROFESSIONAL PRACTICE
856 4 0 _uhttps://www.sprweb.co.uk
_zView the website free of charge at www.sprweb.co.uk...
942 _n0
999 _c119617
_d119617